000 00747cam a22002291 4500
001 f 01000513
003 DLC
005 20260227111238.0
008 760719s1885 fr 000 0 fre
010 _af 01000513
035 _a(OCoLC)2320039
040 _aDLC
_cTxWB
_dTxWB
_dNPV
_dOCoLC
_dDLC
042 _apremarc
050 0 0 _aPQ2411
_b.U7 1885
100 1 _aSand, George,
_d1804-1876.
245 1 2 _aL'uscoque,
_cpar George Sand.
250 _aNouv. éd.
260 _aParis,
_bCalmann Lévy,
_c1885.
300 _a2 p. l., 267 p.
_c19 cm.
500 _aHalf-title: Œuvres de George Sand.
505 0 _aL'uscoque.--La fauvette du docteur.--Sur la dernière publication de m. F. Lamennais.--Quelques réflexions sur Jean-Jacques Rousseau.
999 _c22435
_d22435